01465cam a2200349 a 4500001001400000003000800014005001700022006001900039007001500058008004100073020003800114040003000152049002600182050002600208082002100234100002600255245010100281260002800382300003700410504005100447520026200498521001700760588004700777610003300824651005000857655002900907710001600936776003500952856009300987942001601080999001901096EDZ0000064214StDuBDS20161031105148.0m||||||||d||||||||cr |||||||||||120327s2001 enk fo| 001|0|eng d a9781446220511 (ebook) :cNo price aStDuBDSbengcStDuBDSepn aAlfaisal Main Library 0aJN1129.L32bN497 200104a320.941090492231 aNewman, Janet,d1945-10aModernising governanceh[electronic resource] :bNew Labour, policy and society /cJanet Newman. aLondon :bSAGE,cc2001. a1 online resource (viii, 198 p.) aIncludes bibliographical references and index.8 a'Modernising Governance' examines how policy is being reshaped and public management realigned, and assesses the consequences for relationships between the state and citizen, between government and public services, and between organisations and their users. aSpecialized. aDescription based on print version record.20aLabour Party (Great Britain) 0aGreat BritainxPolitics and governmenty1997- 7aElectronic books.2local2 aSage eBooks08iPrint version :z978076196989140uhttp://ezproxy.alfaisal.edu/login?url=http://sk.sagepub.com/books/modernising-governance 2lcccEBOOKS c480686d480686